[Event "Championnat de France des Jeunes - Pupil"]
[Site "TROYES"]
[Date "2010.04.15"]
[Round "6.3"]
[White "Terrazzoni, Claire"]
[Black "Auvray, Honorine"]
[Result "0-1"]
[WhiteElo "1530"]
[BlackElo "1713"]
[PlyCount "150"]

1. e4 c5 2. Nf3 Nc6 3. d4 cxd4 4. Nxd4 Nf6 5. Nc3 d6 6. Be3 e5 7. Nb3 Be7 8. f3
O-O 9. Qd2 a5 10. a4 Nb4 11. Bb5 Be6 12. O-O d5 13. exd5 Nfxd5 14. Nxd5 Qxd5
15. Qxd5 Bxd5 16. c4 Be6 17. Rac1 Rfc8 18. Nd2 Nd3 19. Rc2 Bc5 20. Bxc5 Nxc5
21. Re1 Bf5 22. Rc3 f6 23. b3 Na6 24. Ne4 Rd8 25. Ng3 Bg6 26. c5 Kf8 27. Ne4
Bxe4 28. Rxe4 Rdc8 29. c6 bxc6 30. Rxc6 Rxc6 31. Bxc6 Rb8 32. Bb5 Nc5 33. Re3
Ke7 34. Kf2 Kd6 35. Bc4 Rb4 36. Bg8 h6 37. Rc3 Rd4 38. Ke3 Rd1 39. Ke2 Ra1 40.
Rc2 Rb1 41. Rc3 Rb2+ 42. Kf1 Ra2 43. Rc1 Rd2 44. Rc3 Rd3 45. Rxd3+ Nxd3 46. Ke2
Nf4+ 47. Kf2 Kc5 48. g3 Nd5 49. Ke2 Kd4 50. Kd2 Nb4 51. Bh7 Nd5 52. Be4 Ne7 53.
Bc2 f5 54. Ke2 e4 55. fxe4 fxe4 56. Bd1 Nd5 57. Bc2 e3 58. Bg6 Nc3+ 59. Ke1 Na2
60. Ke2 Nc1+ 61. Kd1 Nxb3 62. Bc2 Kc3 63. Bg6 Nc5 64. Ke2 Kd4 65. Bc2 Ne4 66.
Bb3 g5 67. Bc2 Nc5 68. h3 Kc3 69. Bd1 Kd4 70. Bc2 Ne4 71. g4 Nf2 72. h4 gxh4
73. Kf3 h3 74. Kg3 h2 75. Kxh2 e2 0-1

[Event "Championnat de France des Jeunes - Pupil"]
[Site "TROYES"]
[Date "2010.04.15"]
[Round "6.4"]
[White "Imperor, Lorene"]
[Black "Olive, Aurianne"]
[Result "1-0"]
[WhiteElo "1633"]
[BlackElo "1510"]
[PlyCount "107"]

1. d4 d5 2. c4 dxc4 3. Nf3 Nf6 4. Nc3 e6 5. Bg5 Be7 6. e3 O-O 7. Bxc4 Nbd7 8.
O-O a6 9. Qc2 b5 10. Bd3 c5 11. dxc5 Nxc5 12. Bxf6 Nxd3 13. Bxe7 Qxe7 14. Qxd3
Bb7 15. e4 h5 16. Rfd1 h4 17. h3 b4 18. Ne2 f5 19. e5 Be4 20. Qd6 Qf7 21. Ng5
Qg6 22. Qxe6+ Qxe6 23. Nxe6 Rfe8 24. Nc7 Rxe5 25. Nxa8 Bxa8 26. Rd8+ Kh7 27.
Rxa8 Rxe2 28. b3 Re4 29. Rxa6 g6 30. Rd1 Kh6 31. Kf1 Kh5 32. Re1 Rd4 33. Ke2
Re4+ 34. Kd2 Rd4+ 35. Kc2 g5 36. Re8 g4 37. hxg4+ Rxg4 38. Rh8+ Kg5 39. Rg8+
Kf4 40. Rxg4+ Kxg4 41. Rb6 f4 42. Rxb4 h3 43. gxh3+ Kxh3 44. Rxf4 Kg2 45. a4
Kf1 46. a5 Ke2 47. a6 Ke1 48. a7 Kf1 49. a8=Q Kg1 50. Rg4+ Kf1 51. Qa1+ Kxf2
52. Qc3 Kf1 53. Qf3+ Ke1 54. Rg1# 1-0

[Event "Championnat de France des Jeunes - Pupil"]
[Site "TROYES"]
[Date "2010.04.15"]
[Round "6.5"]
[White "Quelennec, Amelie"]
[Black "Banat, Rizlene"]
[Result "0-1"]
[WhiteElo "1530"]
[BlackElo "1608"]
[PlyCount "148"]

1. b3 e5 2. Bb2 d6 3. e3 Nc6 4. Bb5 Bd7 5. Nf3 g6 6. O-O Bg7 7. d3 Nf6 8. Nbd2
O-O 9. Bxc6 Bxc6 10. e4 Rb8 11. Qe2 Re8 12. Rfd1 Qe7 13. Rab1 Nd7 14. Nc4 Nc5
15. Nfd2 Ne6 16. Qg4 Bd7 17. Re1 Nd4 18. Qd1 b5 19. Ne3 c6 20. Nf3 Nxf3+ 21.
Qxf3 Qf6 22. Qxf6 Bxf6 23. c3 Be6 24. Red1 a6 25. c4 Bg5 26. Bc1 Bxe3 27. Bxe3
Re7 28. Bd2 b4 29. Bg5 Rd7 30. f3 Kg7 31. Kf2 f6 32. Be3 d5 33. Rd2 h5 34. h4
d4 35. Bxd4 Rxd4 36. g3 Rbd8 37. Rbd1 f5 38. Ke2 fxe4 39. dxe4 Rxd2+ 40. Rxd2
Rxd2+ 41. Kxd2 Kf6 42. Ke3 g5 43. Kf2 g4 44. fxg4 Bxg4 45. Ke3 Ke6 46. Kd3 Kd6
47. Ke3 Kc5 48. Kd3 Bh3 49. Ke3 Bf1 50. Kf3 Kd4 51. g4 hxg4+ 52. Kxg4 Bd3 53.
h5 Bxe4 54. h6 Bh7 55. Kg3 Kd3 56. Kf2 Kd2 57. c5 e4 58. Kf1 e3 59. Kg2 e2 60.
Kf3 e1=Q 61. Kf4 Qe4+ 62. Kg5 Ke3 63. Kf6 Kf4 64. Kf7 Qg6+ 65. Ke7 Ke5 66. Kd7
Qe6+ 67. Kc7 Qxh6 68. Kb6 Bd3 69. Ka5 Kd4 70. Kxb4 Qf8 71. Ka3 Qxc5+ 72. Kb2
Qc3+ 73. Ka3 c5 74. Ka4 Qb4# 0-1

[Event "Championnat de France des Jeunes - Pupil"]
[Site "TROYES"]
[Date "2010.04.15"]
[Round "6.6"]
[White "Fraval, Julie"]
[Black "Craquelin, Mathie"]
[Result "1-0"]
[WhiteElo "1640"]
[BlackElo "1410"]
[PlyCount "93"]

1. e4 e5 2. Nf3 Nc6 3. d4 exd4 4. Nxd4 Nf6 5. Nxc6 bxc6 6. e5 Nd5 7. c4 Nb6 8.
Nd2 d5 9. Qb3 dxc4 10. Nxc4 Be6 11. Be3 c5 12. Rd1 Qc8 13. Qb5+ Bd7 14. Nxb6
Bxb5 15. Bxb5+ c6 16. Nxc8 cxb5 17. Nd6+ Bxd6 18. Rxd6 c4 19. Ke2 a6 20. b3
cxb3 21. axb3 h6 22. Ra1 a5 23. b4 a4 24. Rb6 Kd7 25. Rxb5 Kc6 26. Rc5+ Kd7 27.
Ra5 Kc7 28. R5xa4 Rxa4 29. Rxa4 Kc6 30. Ra7 Rf8 31. Bc5 Re8 32. Re7 Rxe7 33.
Bxe7 Kd7 34. Bf8 g6 35. Bxh6 Kc6 36. Bf8 Kb5 37. Kd3 g5 38. h3 Kb6 39. Kc4 Kb7
40. Kc5 Ka7 41. Kc6 Ka6 42. b5+ Ka7 43. b6+ Kb8 44. Bd6+ Ka8 45. b7+ Ka7 46.
b8=Q+ Ka6 47. Qb6# 1-0

[Event "Championnat de France des Jeunes - Pupil"]
[Site "TROYES"]
[Date "2010.04.15"]
[Round "6.7"]
[White "Dory, Manon"]
[Black "Chung, Mathilde"]
[Result "1-0"]
[WhiteElo "1604"]
[BlackElo "1527"]
[PlyCount "85"]

1. e4 d6 2. d4 Nf6 3. Nc3 g6 4. Nf3 Bg7 5. Bg5 Bg4 6. h3 Bxf3 7. Qxf3 Nbd7 8.
Bc4 O-O 9. O-O-O Qc8 10. h4 h5 11. Qf4 Nb6 12. e5 Nxc4 13. exf6 exf6 14. Bxf6
Bxf6 15. Qxf6 Qe6 16. Qxe6 fxe6 17. b3 Nb6 18. f3 a6 19. Rde1 Rae8 20. Re2 Rf4
21. d5 e5 22. Re4 Ref8 23. Kd1 Rxe4 24. fxe4 Rf2 25. Rg1 Rf4 26. g3 Rg4 27. Ke2
Kg7 28. Kf3 Kf6 29. Nd1 Nxd5 30. exd5 g5 31. hxg5+ Rxg5 32. Ne3 c6 33. c4 Kg6
34. Rg2 Kf6 35. Ke4 Kg6 36. g4 hxg4 37. Rxg4 Rxg4+ 38. Nxg4 Kg5 39. Ne3 a5 40.
Nf5 cxd5+ 41. cxd5 Kf6 42. Nxd6 b6 43. Nc4 1-0

[Event "Championnat de France des Jeunes - Pupil"]
[Site "TROYES"]
[Date "2010.04.15"]
[Round "6.8"]
[White "Thomas, Apolline"]
[Black "Saliou, Sarah"]
[Result "1-0"]
[WhiteElo "1600"]
[BlackElo "1470"]
[PlyCount "83"]

1. d4 d5 2. c4 e6 3. Nc3 f5 4. Nf3 Nf6 5. Bg5 c6 6. cxd5 exd5 7. e3 Bd6 8. Bd3
O-O 9. O-O Qe8 10. Qc2 Ne4 11. Bh4 Qh5 12. Ne2 Nd7 13. Ng3 Qh6 14. Ne2 c5 15.
dxc5 Ndxc5 16. h3 Be6 17. Nc3 a6 18. Rfd1 Bc7 19. Na4 Nxa4 20. Qxa4 Rac8 21.
Qb4 b6 22. Bxa6 Bd6 23. Qxb6 Rb8 24. Qd4 Bc5 25. Qe5 Bd6 26. Qd4 Bc5 27. Qa4
Rxb2 28. Qc6 Rb6 29. Qa4 Nc3 30. Qa5 Nxd1 31. Rxd1 Rc6 32. Rc1 Bb6 33. Qd2
Rxc1+ 34. Qxc1 Ra8 35. Qc6 Rb8 36. Bg3 Rf8 37. Qxb6 Qf6 38. Be5 Qe7 39. Bd6 Qe8
40. Bxf8 Kxf8 41. Qd6+ Kg8 42. Ng5 1-0

[Event "Championnat de France des Jeunes - Pupil"]
[Site "TROYES"]
[Date "2010.04.15"]
[Round "6.9"]
[White "Broly, Marine"]
[Black "Hug, Roxana"]
[Result "1-0"]
[WhiteElo "1590"]
[BlackElo "1490"]
[PlyCount "91"]

1. Nc3 e5 2. e4 Nf6 3. Nf3 Nc6 4. Bc4 Bb4 5. a3 Bc5 6. d3 h6 7. h3 O-O 8. g4
Bd4 9. Nxd4 Nxd4 10. g5 hxg5 11. Bxg5 c6 12. Rg1 Qe7 13. Rg3 d6 14. Ne2 Nxe2
15. Qxe2 Be6 16. Bh6 Kh7 17. Bxg7 Rg8 18. Bxf6 Qxf6 19. Qh5+ Qh6 20. Qxh6+ Kxh6
21. Bxe6 fxe6 22. Ke2 Kh5 23. Rag1 Rxg3 24. fxg3 Kg5 25. Kf2 Rf8+ 26. Kg2 d5
27. Re1 d4 28. Rf1 Rb8 29. g4 b5 30. Kg3 Kg6 31. h4 Rh8 32. g5 Kg7 33. Kg4 c5
34. h5 Re8 35. h6+ Kg6 36. Rf6+ Kh7 37. Kh5 Kg8 38. g6 Rf8 39. h7+ Kg7 40. Rxf8
Kxf8 41. h8=Q+ Ke7 42. Qxe5 a6 43. Kg5 c4 44. Qc7+ Ke8 45. g7 e5 46. g8=R# 1-0

[Event "Championnat de France des Jeunes - Pupil"]
[Site "TROYES"]
[Date "2010.04.15"]
[Round "6.10"]
[White "Jacob, Eva"]
[Black "Rouffignac, Marie"]
[Result "1-0"]
[WhiteElo "1500"]
[BlackElo "1575"]
[PlyCount "71"]

1. e4 e5 2. d4 exd4 3. c3 dxc3 4. Nxc3 Nc6 5. Bc4 Bb4 6. Nf3 Bxc3+ 7. bxc3 Qe7
8. O-O d6 9. Re1 Bg4 10. Rb1 Rb8 11. Bb5 Bd7 12. Bf4 a6 13. Bxc6 Bxc6 14. e5 d5
15. Nd4 Bd7 16. e6 fxe6 17. Bxc7 Rc8 18. Nf5 Qc5 19. Nd6+ Kf8 20. Nxc8 Qxc7 21.
Nb6 Nf6 22. Nxd7+ Qxd7 23. Qb3 b5 24. Qa3+ Kf7 25. Qxa6 Rc8 26. Qxb5 Qxb5 27.
Rxb5 Rxc3 28. f3 Rc2 29. Ra1 Nh5 30. a4 Nf4 31. a5 Rxg2+ 32. Kh1 h5 33. Rb4 Nd3
34. Rb7+ Kf6 35. Kxg2 Nf4+ 36. Kf1 1-0